[Event "ESP-ch U18"]
[Site "Salobrena"]
[Date "2019.07.22"]
[Round "1"]
[White "Merelo Garcia, Francisco"]
[Black "Orantes Taboada, Francisco"]
[Result "1-0"]
[WhiteElo "1867"]
[BlackElo "2297"]
[PlyCount "85"]
[EventDate "2019.07.22"]
[EventType "swiss"]
[EventRounds "9"]
[EventCountry "ESP"]
[SourceTitle "CBM 191 Extra"]
[Source "ChessBase"]
[SourceDate "2019.09.30"]
[SourceVersion "1"]
[SourceVersionDate "2019.09.30"]
[SourceQuality "1"]

1. e4 e6 2. d4 b6 3. Nf3 Bb7 4. Bd3 c5 5. c3 Nf6 6. Qe2 cxd4 7. cxd4 Bb4+ 8. Bd2 Nc6 9. Nc3 d5 10. e5 Nd7 11. 0-0 a6 12. Rac1 b5 13. Bb1 Qb6 14. Qd3 Bxc3 15. Bxc3 b4 16. Bd2 a5 17. Rfe1 a4 18. Qe3 h6 19. Qf4 g5 20. Qg4 0-0-0 21. h4 gxh4 22. Qxh4 Kb8 23. Qf4 Rdg8 24. Qxf7 Nxd4 25. Nxd4 Qxd4 26. Qxd7 Rxg2+ 27. Kxg2 Qg4+ 28. Kh2 Qh5+ 29. Kg3 Rg8+ 30. Kf4 Rf8+ 31. Kg3 Rg8+ 32. Kf4 Rg4+ 33. Ke3 Qh3+ 34. f3 d4+ 35. Kd3 Qxf3+ 36. Kc4 Rg8 37. Kb5 Ka8 38. Rc5 Rb8 39. Kxa4 Ka7 40. Ra5+ Kb6 41. Qxd4+ Kc7 42. Qd6+ Kc8 43. Rc1+ 1-0

[Event "Roquetas de Mar op 29th"]
[Site "Roquetas de Mar"]
[Date "2018.01.02"]
[Round "1"]
[White "Korpa, Bence"]
[Black "Merelo Garcia, Francisco"]
[Result "1-0"]
[WhiteElo "2479"]
[BlackElo "2043"]
[PlyCount "87"]
[EventDate "2018.01.02"]
[EventType "swiss"]
[EventRounds "9"]
[EventCountry "ESP"]
[SourceTitle "CBM 182 Extra"]
[Source "ChessBase"]
[SourceDate "2018.02.23"]
[SourceVersion "1"]
[SourceVersionDate "2018.02.23"]
[SourceQuality "1"]

1. Nf3 Nf6 2. g3 g6 3. b3 Bg7 4. Bb2 0-0 5. Bg2 d6 6. d4 Nbd7 7. 0-0 c6 8. Nbd2 Qc7 9. e4 e5 10. dxe5 dxe5 11. a4 b6 12. Qe2 a5 13. Rfd1 Ba6 14. Nc4 Rfe8 15. Nfd2 Rad8 16. Bf1 Nc5 17. Qe3 Bf8 18. Qf3 Nh5 19. Ne3 Bxf1 20. Ndxf1 f6 21. Ng4 Bg7 22. Nd2 Ne6 23. c3 Nc5 24. b4 Nd3 25. Nc4 Nxb2 26. Nxb2 Qf7 27. bxa5 bxa5 28. Ne3 Qc7 29. Nbc4 Bf8 30. Ng4 Be7 31. Nh6+ Kf8 32. Qe2 Ng7 33. Nxa5 Qxa5 34. Qc4 Ne6 35. Qxe6 Kg7 36. Ng4 Qxc3 37. Rxd8 Qxa1+ 38. Kg2 Bxd8 39. Qxe8 Qd4 40. Qxc6 h5 41. Qb7+ Kh8 42. Nh6 Bb6 43. Qb8+ Bd8 44. Qxd8+ 1-0